[Event "Gausdal Int"]
[Site "Gausdal"]
[Date "1995.??.??"]
[Round "6"]
[White "Henriksen, Geir"]
[Black "Zilberman, Yaacov"]
[Result "1/2-1/2"]
[WhiteElo "2250"]
[BlackElo "2490"]

1.d4 d5 2.Nf3 Nf6 3.c4 dxc4 4.e3 e6 5.Bxc4 c5 6.O-O a6 7.a4 cxd4 8.exd4 Nc6
9.Nc3 Be7 10.Re1 O-O 11.Bg5 Bd7 12.Rc1 Rc8 13.Ba2 Nb4 14.Bb1 Nfd5 15.Bxe7 Qxe7
16.Ne5 Rfd8 17.Be4 Nxc3 18.Rxc3 g6 19.Bxb7 Bxa4 20.Qxa4 Qxb7 21.Rec1 Nd5
22.Rxc8 Rxc8 23.Rxc8+ Qxc8 24.Nd3 Nf4 25.Nc5 Qa8 26.f3 Qd5 27.Kf2 Qg5 28.g3 Nd5
29.Qd1 Qe3+ 30.Kg2 e5 31.Nxa6 exd4 32.Nc5 Nb4 33.Ne4 Nd5 34.Qd2 f5 35.Qa5 Qe2+
36.Kh3 fxe4 37.Qxd5+ Kf8 38.Qd8+ Kf7 39.Qd7+ Kg8 40.Qe8+ Kg7  1/2-1/2

[Event "Gent op"]
[Site "Gent"]
[Date "1995.??.??"]
[Round "8"]
[White "Berezovics, Alexander"]
[Black "Van der Linde, Meindert"]
[Result "1-0"]
[WhiteElo "2345"]
[BlackElo "2260"]

1.d4 d5 2.c4 dxc4 3.Nf3 Nf6 4.e3 c5 5.Bxc4 e6 6.O-O Nc6 7.Qe2 cxd4 8.Rd1 Be7
9.exd4 O-O 10.Nc3 Nb4 11.Bg5 a6 12.Ne5 b5 13.Bb3 Bb7 14.a3 Nbd5 15.Rd3 Nxc3
16.bxc3 Nd5 17.Bd2 Bg5 18.Rg3 Bxd2 19.Qxd2 Ne7 20.Re1 Bd5 21.Bc2 Rc8 22.Qh6 Ng6
23.Qh5 Bxg2 24.Rxg2 Rxc3 25.Bxg6 hxg6 26.Qg4 Rxa3 27.h4 Qa5 28.Re4 Ra1+ 29.Kh2 Qc7
30.Rf4 Qc1 31.Nxg6 Qh1+ 32.Kg3 Ra3+ 33.f3 Qe1+ 34.Kh2 fxg6 35.Qxg6  1-0

[Event "GER-ch U17"]
[Site "?"]
[Date "1995.??.??"]
[Round "4"]
[White "Sulzbach, Sven"]
[Black "Breier, Andreas"]
[Result "1/2-1/2"]
[WhiteElo "2245"]
[BlackElo "2215"]

1.d4 d5 2.c4 dxc4 3.e3 Nf6 4.Bxc4 e6 5.Nf3 c5 6.O-O a6 7.a4 Nc6 8.Nc3 cxd4
9.exd4 Be7 10.Be3 Nb4 11.Ne5 Nfd5 12.Nxd5 exd5 13.Bd3 Nxd3 14.Qxd3 O-O 15.Qb3 a5
16.Rac1 Ra6 17.Nd3 Rb6 18.Qc3 Rc6 19.Qb3 Rb6 20.Qc3 Rc6 21.Qb3 Rb6  1/2-1/2

[Event "OL-SW 9596"]
[Site "GER"]
[Date "1995.??.??"]
[Round "?"]
[White "Neidhardt, Claus Ulrich"]
[Black "Sandmeier, Toni"]
[Result "1-0"]
[WhiteElo "2400"]
[BlackElo "2225"]

1.d4 d5 2.c4 dxc4 3.Nf3 Nf6 4.e3 e6 5.Bxc4 c5 6.O-O a6 7.dxc5 Qxd1 8.Rxd1 Bxc5
9.b3 b5 10.Be2 Nc6 11.Bb2 Bb7 12.a4 b4 13.Nbd2 Na5 14.Rac1 Rc8 15.Ne5 Ke7
16.Nec4 Nxc4 17.Nxc4 Bd5 18.Bf3 Rhd8 19.Bxf6+ gxf6 20.Bxd5 exd5 21.Nb2 Ke6
22.Nd3 Bd6 23.Kf1 Rc3 24.Rxc3 bxc3 25.Rc1 Rc8 26.Ke2 d4 27.Ne1 Ba3 28.Rc2 Rb8
29.Nf3 dxe3 30.fxe3 Bb2 31.Nd4+ Kd5 32.Kd3 Rg8 33.Rf2 Kc5 34.g3 Rg6 35.Nc2 Rh6
36.b4+ Kc6 37.Nd4+ Kd5 38.Nf5 Rh5 39.e4+ Ke5 40.Ne3 Ke6 41.Nd5 Ke5 42.Nxf6 Rh3
43.Nd7+ Kd6 44.Nc5 h5 45.Nxa6 h4 46.Nc5 hxg3 47.hxg3 Rxg3+ 48.Kc2 Ke5 49.Kb3 Kd4
50.Rxf7 Rg2 51.Rf1 Rd2 52.a5 Ba1 53.Rxa1 Rb2+ 54.Ka3 Kc4 55.a6  1-0

[Event "BL2-N9495"]
[Site "Germany"]
[Date "1995.??.??"]
[Round "?"]
[White "Vogel, Robert"]
[Black "Hegeler, Frank"]
[Result "1/2-1/2"]
[WhiteElo "2300"]
[BlackElo "2225"]

1.d4 d5 2.c4 dxc4 3.Nf3 Nf6 4.e3 e6 5.Bxc4 c5 6.O-O a6 7.Qe2 b5 8.Bb3 Bb7
9.a4 Nbd7 10.Rd1 Qb6 11.axb5 axb5 12.Rxa8+ Bxa8 13.e4 Bxe4 14.Nc3 Bxf3 15.Qxf3 cxd4
16.Qa8+ Nb8 17.Nxb5 Bc5 18.Bf4 O-O 19.Qa4 Nbd7 20.Qc4 e5 21.Bg3 Ne4 22.Bc2 Nxg3
23.hxg3 d3 24.Rxd3 Bxf2+ 25.Kf1 Nf6 26.Rf3 Bd4 27.Ke2 Rb8 28.Rb3 Qb7 29.Nxd4 Qxg2+
30.Ke1 Rd8 31.Ne2 e4 32.Qc5 Qh1+ 33.Qg1 Qh6 34.Qe3 Qh1+ 35.Qg1 Qh6 36.Qd4 Qh1+
37.Qg1 Qh6  1/2-1/2

[Event "BL2-N9495"]
[Site "Germany"]
[Date "1995.??.??"]
[Round "?"]
[White "Lagunow, Alexander"]
[Black "Hegeler, Frank"]
[Result "1/2-1/2"]
[WhiteElo "2395"]
[BlackElo "2225"]

1.d4 Nf6 2.Nf3 d5 3.c4 dxc4 4.e3 e6 5.Bxc4 c5 6.O-O a6 7.Bd3 Nbd7 8.Qe2 Qc7
9.b3 Be7 10.Bb2 cxd4 11.Nxd4 Nc5 12.Bc2 O-O 13.Rc1 Qb6 14.Nd2 Nd5 15.a3 Bd7
16.Nc4 Qd8 17.Ne5 Rc8 18.e4 Nf4 19.Qg4 Ng6 20.Nxd7 Nxd7 21.g3 Qb6 22.Qe2 Rfd8
23.Nf3 Rc6 24.b4 Rdc8 25.Ba4 Rxc1+ 26.Rxc1 Rxc1+ 27.Bxc1 Qc7 28.Qc2 Qxc2
29.Bxc2 Nge5 30.Nxe5 Nxe5 31.f4 Nc6 32.e5 h5 33.Kf2 Kf8 34.Ke3 Ke8 35.Ke4 g6
36.Bb3 Kd7 37.Bb2 Na7 38.Ba4+ b5 39.Bb3 Nc8 40.h3 Nb6 41.g4 hxg4 42.hxg4 Kc6
43.Bc1 Bd8 44.f5 gxf5+ 45.gxf5 exf5+ 46.Kxf5 Nc4 47.Bd1 Bc7 48.Bf3+ Kd7 49.Bb7 Nxe5
50.Bxa6 Kc6 51.Kf6 Nd3 52.Bd2 Be5+ 53.Kxf7 Bb2 54.a4 Ne5+ 55.Ke6 bxa4 56.Be3 Kc7
57.Bf4 Kb6 58.Bxe5 Bxe5 59.Bc4 Bc3  1/2-1/2

[Event "Hessenliga"]
[Site "Germany"]
[Date "1995.??.??"]
[Round "?"]
[White "Stimpel, Franz"]
[Black "Berndt, Matthias"]
[Result "1/2-1/2"]
[WhiteElo "2255"]
[BlackElo "2130"]

1.d4 d5 2.c4 dxc4 3.Nf3 Nf6 4.e3 e6 5.Bxc4 c5 6.O-O a6 7.Bb3 Nc6 8.Qe2 Be7
9.Rd1 Qc7 10.Nc3 O-O 11.e4 Ng4 12.g3 Nxd4 13.Nxd4 cxd4 14.Qxg4 dxc3 15.bxc3 Qxc3
16.Be3 Qf6 17.Qe2 e5 18.Bd5 a5 19.Rab1 Bb4 20.Rb3 Qe7 21.Rdb1 Be6 22.Bxe6 Qxe6
23.a3 Be7 24.Rb6 Qh3 25.a4 Bb4 26.Rxb7 Rac8 27.Rb5 Rc6 28.Rc1 Rxc1+ 29.Bxc1 Rc8
30.Be3 Qe6 31.Rd5 h6 32.Qb5 f6 33.Kg2 Qc6 34.Rd8+ Kh7 35.Rxc8 Qxc8 36.h3 Qc2
37.Kf3 Qd1+ 38.Kg2 Qc2 39.Kf3  1/2-1/2

[Event "Landesliga N9596 Bayern"]
[Site "Germany"]
[Date "1995.??.??"]
[Round "?"]
[White "Wuerl, Roland"]
[Black "Gerstorfer, Werner"]
[Result "0-1"]
[WhiteElo "2065"]
[BlackElo "2000"]

1.d4 d5 2.Nf3 Nf6 3.c4 dxc4 4.e3 e6 5.Bxc4 c5 6.O-O a6 7.a4 Nc6 8.Qe2 Qb6
9.Rd1 Be7 10.Nc3 O-O 11.b3 Bd7 12.Bb2 Rfd8 13.d5 exd5 14.Nxd5 Nxd5 15.Bxd5 Be8
16.Qc4 Nb4 17.Qg4 Bf8 18.Bc4 Rxd1+ 19.Rxd1 Rd8 20.Ne5 Rxd1+ 21.Qxd1 Qc7 22.Qh5 b5
23.axb5 axb5 24.Ng4 Qe7 25.Bd5 Nxd5 26.Qxd5 Qd7 27.Qf3 Qd2 28.Nh6+ Kh8 29.g3 Qxb2
30.Nxf7+ Bxf7 31.Qxf7 Qa1+ 32.Kg2 Qf6 33.Qe8 b4 34.e4 Kg8 35.Qa4 Qe6 36.f3 c4
37.bxc4 Qxc4 38.Qe8 Qe2+ 39.Kh3 Qxf3 40.e5 Qf7  0-1

[Event "NRW-Liga I 9495"]
[Site "Germany"]
[Date "1995.??.??"]
[Round "?"]
[White "Huelsmann, Josef"]
[Black "Krallmann, Matthias"]
[Result "1/2-1/2"]
[WhiteElo "2220"]
[BlackElo "2275"]

1.d4 d5 2.Nf3 Nf6 3.c4 dxc4 4.e3 e6 5.Bxc4 c5 6.O-O a6 7.Qe2 b5 8.Bb3 Bb7
9.Rd1 Nbd7 10.a4 Be7 11.dxc5 O-O 12.c6 Bxc6 13.Ne5 Qc7 14.Nxc6 Qxc6 15.Nd2 Nc5
16.axb5 axb5 17.Rxa8 Rxa8 18.Bc2 Ra1 19.Nf3 Nd5 20.Nd4 Qb7 21.Bd2 Ra2 22.e4 Nf6
23.e5 Nd5 24.Bc1 Na4 25.Nxb5 Nxb2 26.Rf1 Ra5 27.Qe4 g6 28.Nd4 Na4 29.Bd2 Nc5
30.Qf3 Ra2 31.Rb1 Rb2 32.Ra1 Nb3 33.Nxb3 Rxc2 34.Bh6 Rc3 35.Qd1 Bf8 36.Bxf8 Kxf8
37.Rb1 Nf4 38.Qd8+ Kg7 39.Qf6+ Kg8 40.Qxf4 Rxb3 41.Rxb3 Qxb3 42.h4 Qd1+ 43.Kh2 h5  1/2-1/2

[Event "NRW-Liga II 9495"]
[Site "Germany"]
[Date "1995.??.??"]
[Round "?"]
[White "Koch, Wolfgang Max"]
[Black "Bachmann, Karlheinz"]
[Result "1/2-1/2"]
[WhiteElo "2320"]
[BlackElo "2330"]

1.d4 d5 2.c4 dxc4 3.Nf3 Nf6 4.e3 e6 5.Bxc4 c5 6.O-O a6 7.Qe2 b5 8.Bb3 Bb7
9.Rd1 Nbd7 10.Nc3 Qb8 11.d5 Nxd5 12.Nxd5 Bxd5 13.Bxd5 exd5 14.Rxd5 Be7 15.e4 Nb6
16.Rd1 O-O 17.e5 Qc8 18.Bg5 Qe6 19.Bxe7 Qxe7 20.Rd6 Nc4 21.Rd5 Rfd8 22.Rad1 Rxd5
23.Rxd5 Rd8 24.Rxd8+ Qxd8 25.e6 Qe7  1/2-1/2

[Event "Verbandsliga S9495 Baden"]
[Site "Germany"]
[Date "1995.??.??"]
[Round "?"]
[White "Kachiani Gersinska, Ketino"]
[Black "Kallai, Gabor"]
[Result "1-0"]
[WhiteElo "2380"]
[BlackElo "2500"]

1.d4 d5 2.c4 dxc4 3.e3 Nf6 4.Bxc4 e6 5.Nf3 c5 6.O-O a6 7.a4 Nc6 8.Qe2 cxd4
9.Rd1 Be7 10.exd4 O-O 11.Nc3 Nb4 12.Bg5 Bd7 13.Ne5 Rc8 14.Re1 Be8 15.Rad1 Qb6
16.h4 Bd8 17.Rd2 Nfd5 18.Qg4 f5 19.Qf3 Bxg5 20.hxg5 Qd8 21.Bxd5 Nxd5 22.Nxd5 Qxd5
23.Qxd5 exd5 24.a5 Bb5 25.f4 Rfe8 26.Kf2 Re6 27.g4 fxg4 28.Kg3 Re7 29.f5 Rf8
30.Rf2 Bd7 31.f6 gxf6 32.gxf6 Re6 33.f7+ Kg7 34.Rf4 Re7 35.Rh1 Be6 36.Rh5 h6
37.Rh1 Rc7 38.Rhf1 Bxf7 39.Nxg4 Kh7 40.Kh4  1-0

[Event "Glorney Cup U20"]
[Site "?"]
[Date "1995.??.??"]
[Round "?"]
[White "Van der Erf, Remco"]
[Black "Gervais, Victor"]
[Result "1/2-1/2"]
[WhiteElo "2140"]
[BlackElo "2225"]

1.d4 d5 2.Nf3 Nf6 3.c4 dxc4 4.e3 e6 5.Bxc4 c5 6.O-O a6 7.b3 b5 8.Be2 Bb7
9.Bb2 Nbd7 10.Nbd2 Be7 11.a4 bxa4 12.Rxa4 O-O 13.Nc4 cxd4 14.Bxd4 Nc5 15.Ra5 Rc8
16.b4 Nce4 17.Qb1 Nd6 18.Nxd6 Bxd6 19.Ng5 g6 20.Rd1 Nd5 21.Ne4 Be7 22.Bxa6 Bxa6
23.Rxa6 Bxb4 24.Ba1 Qh4 25.g3 Qh5 26.Rxd5 exd5 27.Nf6+ Kg7 28.Nxd5+ Kg8 29.Nf6+ Kg7
30.Nd5+ Kg8 31.Nf6+ Kg7 32.Nd7+ Kg8 33.Nxf8 Bd2 34.Bb2 Kxf8 35.Qd3 Bc1 36.Ba1 Qg4
37.Kg2 Qc4 38.Qd6+ Kg8 39.Bd4 Bb2 40.Bxb2 Qe4+ 41.Kh3 Qf5+ 42.Kg2  1/2-1/2

[Event "Graz op"]
[Site "Graz"]
[Date "1995.??.??"]
[Round "4"]
[White "Dizdar, Goran"]
[Black "Valenta, Vit"]
[Result "1-0"]
[WhiteElo "2535"]
[BlackElo "2250"]

1.d4 d5 2.Nf3 Nf6 3.c4 dxc4 4.e3 e6 5.Bxc4 c5 6.O-O a6 7.a3 Nbd7 8.Nc3 b5
9.Ba2 Bb7 10.Qe2 Qc7 11.e4 b4 12.axb4 cxb4 13.Nd5 exd5 14.exd5+ Be7 15.Re1 O-O
16.Qxe7 Nxd5 17.Qh4 N7f6 18.Ne5 a5 19.Bg5 Ra6 20.Rac1 Qd6 21.Bc4 Rb6 22.Ra1 h6
23.Bxf6 Nxf6 24.Rxa5 Qd8 25.Ra7 Bd5 26.b3 Rd6 27.Rd1 Qb8 28.Ra5 Qb7 29.Rda1 Rfd8
30.Ra7 Qb8 31.Bxd5 Rxd5 32.Nc6 Qd6 33.Ne7+ Kf8 34.Nxd5 Qxd5 35.Qg3 Qxd4 36.Qf3 Kg8
37.Ra8 Rxa8 38.Rxa8+ Kh7 39.h3 g6 40.Rc8 Kg7 41.Rc4 Qd2 42.Qe3 Qd1+ 43.Kh2 g5
44.Qd4 Qxb3  1-0

[Event "Groningen op"]
[Site "Groningen"]
[Date "1995.??.??"]
[Round "?"]
[White "Avrukh, Boris"]
[Black "Baburin, Alexander"]
[Result "0-1"]
[WhiteElo "2430"]
[BlackElo "2495"]

1.d4 d5 2.c4 dxc4 3.e3 e6 4.Bxc4 c5 5.Nf3 Nf6 6.O-O a6 7.e4 b5 8.Bd3 Bb7
9.e5 Nd5 10.Bg5 Qb6 11.dxc5 Bxc5 12.Nc3 h6 13.Bh4 Nd7 14.a4 b4 15.Ne4 Rc8
16.Bg3 O-O 17.Nfd2 Bd4 18.Nd6 Nxe5 19.Bxe5 Bxe5 20.N2c4 Qc7 21.Nxc8 Bxh2+
22.Kh1 Rxc8 23.Qh5 Nf4 24.Qxh2 Bxg2+ 25.Kg1 Bd5 26.Nb6 Rd8 27.Rfe1 Bb7 28.Be4 Rd4
29.Na8 Qb8 30.Bxb7 Qxb7 31.Rad1 Rxd1 32.Rxd1 g5 33.Rd8+ Kg7 34.Qh1 Qe7 35.Rc8 Qf6
36.Nc7 Qxb2 37.Qf3 Qa1+ 38.Kh2 Qe5 39.Ne8+ Kg6 40.Qg3 b3 41.Qxb3 Nd3+ 42.Kg2 Qe4+
43.Kg1 Qe1+ 44.Kh2 Qxf2+ 45.Kh1 Qh4+  0-1

[Event "Groningen op"]
[Site "Groningen"]
[Date "1995.??.??"]
[Round "?"]
[White "Baburin, Alexander"]
[Black "Meins, Gerlef"]
[Result "1/2-1/2"]
[WhiteElo "2495"]
[BlackElo "2440"]

1.d4 d5 2.c4 dxc4 3.Nf3 Nf6 4.e3 e6 5.Bxc4 c5 6.O-O a6 7.dxc5 Qxd1 8.Rxd1 Bxc5
9.Nbd2 b6 10.a3 Bb7 11.b4 Be7 12.Bb2 Nbd7 13.Nd4 O-O 14.Rac1 Rfc8 15.Be2 a5
16.bxa5 bxa5 17.Bb5 Nb6 18.Nc6 Bxc6 19.Bxc6 Ra7 20.Bb5 Rac7 21.Rxc7 Rxc7
22.Rc1 Rxc1+ 23.Bxc1 Nfd5 24.Bb2 Bf6 25.Bxf6 gxf6 26.Nc4 Nxc4 27.Bxc4 Nb6
28.Bd3 f5 29.f4 h6 30.Kf2 Kf8 31.h3 Ke7 32.g4 fxg4 33.hxg4 Nd7 34.Bc2 e5
35.Kf3 exf4 36.exf4 Nf6 37.Bb3 Ke8 38.Bc4 Ke7 39.Ba2 Ke8 40.Bb3 Ke7 41.Bc4 Ke8
42.Be2 Ke7 43.Ke3 Nd5+ 44.Kf3 Nf6 45.Bc4 Ke8 46.g5 hxg5 47.fxg5 Nh7 48.Kf4 Nf8
49.Ke5 Ke7 50.a4 Nh7 51.Kf5  1/2-1/2

[Event "Wch U18"]
[Site "Guarapuava"]
[Date "1995.??.??"]
[Round "9"]
[White "Peralta, Fernando"]
[Black "Gervais, Victor"]
[Result "1-0"]
[WhiteElo "2330"]
[BlackElo "2270"]

1.d4 d5 2.c4 dxc4 3.e3 Nf6 4.Bxc4 e6 5.Nf3 c5 6.O-O a6 7.Bd3 Nc6 8.Nc3 b5
9.a4 b4 10.Ne4 cxd4 11.Nxf6+ Qxf6 12.exd4 h6 13.Be4 Bb7 14.Ne5 Rc8 15.Be3 Bd6
16.f4 Qe7 17.Rc1 Nd8 18.Rxc8 Bxc8 19.Qe2 O-O 20.Rc1 Bb7 21.Bd3 a5 22.Bb5 Kh8
23.Ba6 Bd5 24.Rc8 Qh4 25.Qf2 Qe7 26.Qe2 Qh4 27.g3 Qh3 28.Rxd8  1-0

[Event "Haifa"]
[Site "Haifa"]
[Date "1995.??.??"]
[Round "8"]
[White "Alterman, Boris"]
[Black "Greenfeld, Alon"]
[Result "1/2-1/2"]
[WhiteElo "2575"]
[BlackElo "2580"]

1.d4 d5 2.Nf3 Nf6 3.c4 dxc4 4.e3 e6 5.Bxc4 c5 6.O-O a6 7.dxc5 Bxc5 8.Qxd8+ Kxd8
9.b3 Nbd7 10.Bb2 Ke7 11.Nbd2 b6 12.Rfd1 Bb7 13.Be2 Rac8 14.Rac1  1/2-1/2

[Event "HUN-chT1 9596"]
[Site "HUN"]
[Date "1995.??.??"]
[Round "2"]
[White "Kovacs, Elod"]
[Black "Ruck, Tamas"]
[Result "1/2-1/2"]
[WhiteElo "2245"]
[BlackElo "2265"]

1.d4 d5 2.Nf3 Nf6 3.c4 dxc4 4.e3 e6 5.Bxc4 c5 6.Nc3 a6 7.O-O b5 8.Bd3 Bb7
9.Qe2 Nbd7 10.Rd1 cxd4 11.exd4 Be7 12.a3 O-O 13.Ne5 Nb6 14.Bg5 Nbd5 15.Ne4  1/2-1/2

[Event "HUN-chT2 9596"]
[Site "HUN"]
[Date "1995.??.??"]
[Round "4"]
[White "Pinter, Jozsef"]
[Black "Dovzik, Juri"]
[Result "1-0"]
[WhiteElo "2555"]
[BlackElo "2370"]

1.d4 d5 2.c4 dxc4 3.Nf3 Nf6 4.e3 e6 5.Bxc4 c5 6.Qe2 a6 7.dxc5 Bxc5 8.e4 b5
9.Bd3 Nc6 10.Nbd2 e5 11.O-O Bg4 12.Nb3 Nd4 13.Nbxd4 Bxd4 14.a4 O-O 15.h3 Bxf3
16.Qxf3 Qb6 17.Qe2 bxa4 18.Rxa4 Rfb8 19.Ra2 a5 20.Bg5 h6 21.Bd2 a4 22.Rb1 Rd8
23.Be1 Qd6 24.Bc2 Qc6 25.Ra3 Rdc8 26.Bd3 Rab8 27.Bc3 Qc5 28.Rxa4 Bxc3 29.Rc4 Qa5
30.bxc3 Rxb1+ 31.Bxb1 Rd8 32.Kh2 Qa3 33.Rc7 Qc1 34.Bd3 Ne8 35.Rc5 Ra8 36.Qf3 Nf6
37.Bc4 Qg5 38.Rc7 Rf8 39.g3 Qg6 40.Bd3 Rd8 41.Kg2 Nh5 42.Kh2 Nf6 43.c4 Rd4
44.c5 Nxe4 45.c6 f5 46.Rc8+ Kh7 47.c7 Nd6 48.Bxf5  1-0

[Event "HUN-chT1 9596"]
[Site "HUN"]
[Date "1995.??.??"]
[Round "6"]
[White "Mann, Gerald"]
[Black "Peredy, Ferenc"]
[Result "1-0"]
[WhiteElo "2350"]
[BlackElo "2230"]

1.d4 d5 2.c4 dxc4 3.e3 e6 4.Bxc4 Nf6 5.Nf3 c5 6.O-O a6 7.Bd3 Be7 8.dxc5 Bxc5
9.e4 Nc6 10.e5 Ng4 11.Bf4 Nb4 12.Ne1 Nh6 13.Bxh6 gxh6 14.Nc3 Nxd3 15.Nxd3 Be7
16.Qf3 Bd7 17.Qxb7 Qc8 18.Qe4 Bc6 19.Qg4 Qb7 20.g3 O-O-O 21.Qc4 Kb8 22.Rfe1 Bh1
23.Ne4 Rc8 24.Qa4 Rhd8 25.Kxh1 Rxd3 26.Kg1 Rcd8 27.Qc2 R3d5 28.Qc1 Bb4 29.Re2 Ka8
30.a3 Be7 31.Nc3 Rd3 32.Qxh6 Bc5 33.Rae1 Qf3 34.Qf6 Qh5 35.Ne4 Rd1 36.Nxc5 Qxe2
37.Qxd8+  1-0

[Event "Katrineholm"]
[Site "Katrineholm"]
[Date "1995.??.??"]
[Round "?"]
[White "Akesson, Ralf"]
[Black "Hartman, Christer"]
[Result "1-0"]
[WhiteElo "2500"]
[BlackElo "2350"]

1.d4 d5 2.c4 dxc4 3.Nf3 Nf6 4.e3 e6 5.Bxc4 c5 6.O-O a6 7.Bd3 cxd4 8.exd4 Be7
9.Nc3 b5 10.a3 Bb7 11.Bc2 O-O 12.Qd3 Nbd7 13.Re1 Re8 14.Bf4 g6 15.Bg3 Nh5
16.Rad1 Nxg3 17.hxg3 Nf6 18.Bb3 Bf8 19.Ne5 Bg7 20.g4 Rc8 21.Qh3 Rc7 22.g5 Nd5
23.Ne4 Nf4 24.Qh2 Bxe4 25.Rxe4 Nd5 26.Nf3 Rd7 27.Rh4 Ne7 28.Rxh7 Nf5 29.g4 Nxd4
30.Rxg7+ Kxg7 31.Rxd4 Rxd4 32.Qe5+ f6 33.Qxd4 Qxd4 34.Nxd4 fxg5 35.Kf1 e5
36.Ne6+ Kf6 37.Nc5 Rd8 38.Ke2 a5 39.Nb7 Rd4 40.Nxa5 Rxg4 41.Bc2 Rg1 42.Nb3 g4
43.Nd2 Ke6 44.Nf1 Kd5 45.Bxg6 Kd4 46.Ng3 b4 47.axb4 Kc4 48.Bf5 Kxb4 49.Bxg4 Rb1
50.Kd3 Rxb2 51.Ne4 Rb3+ 52.Ke2 Ra3 53.Be6 Ra6 54.Bf5 Ra3 55.Be6 Ra6 56.Bf5 Ra3
57.Kf1 Kc4 58.Kg2 Kd4 59.Ng3 Ra2 60.Be4 Ra3 61.Bf3 Ra7 62.Nf5+ Kd3 63.Kg3 Ra4
64.Bg2 Rf4 65.Bf1+ Kd2 66.Ne3 Ke1 67.f3 Ra4 68.Bb5 Ra5 69.Bd3 Ra8 70.Nc4 Rg8+
71.Kh4 Kf2 72.Nxe5 Ke3 73.Be4 Re8 74.Ng4+ Kf4 75.Nf6 Rh8+ 76.Nh5+ Ke3 77.Kg4 Rf8
78.Bd5 Kd4 79.Nf4 Ke3 80.Ng6 Rf6 81.Nh4 Kd4 82.Be4 Ke5 83.Kg5 Rb6 84.Ng6+ Kd4
85.Bf5 Ke3 86.f4 Rb2 87.Bg4 Ke4 88.f5 Rb5 89.Nh4 Ke5 90.f6 Kd6+ 91.Bf5 Rb7
92.Kg6 Ke5 93.Nf3+ Kf4 94.Ng5 Ke5 95.f7 Rb8 96.Ne6 Ra8 97.f8=Q Rxf8 98.Nxf8 Kd4  1-0

[Event "Kemerovo1"]
[Site "Kemerovo"]
[Date "1995.??.??"]
[Round "4"]
[White "Ruban, Vadim"]
[Black "Kharlov, Andrei"]
[Result "1/2-1/2"]
[WhiteElo "2535"]
[BlackElo "2555"]

1.d4 d5 2.c4 dxc4 3.Nf3 Nf6 4.e3 e6 5.Bxc4 c5 6.Qe2 cxd4 7.exd4 Nc6 8.O-O Nxd4
9.Nxd4 Qxd4 10.Rd1 Qc5 11.Bb5+ Bd7 12.Bxd7+ Nxd7 13.Nc3 a6 14.Be3 Qf5 15.Qc4 Qa5
16.a3 Ne5 17.Qb3 b5 18.Nd5 Bd6 19.Nb6 Rd8 20.Qc2 b4 21.Nc8 b3 22.Qc1 Bb8
23.Rxd8+ Qxd8 24.Qc5 Qd7 25.Nb6 Qc7 26.Qb4 Nc6 27.Qh4 Ba7 28.Nc4 O-O 29.Rd1 Bxe3
30.Nxe3 Na5 31.Qd4 h6 32.g3 Rc8 33.h4 Nb7 34.Rd3 Qc1+ 35.Rd1 Qc6 36.Qb4 Qb5
37.Qxb5 axb5 38.Rd3 Na5 39.Kf1 Rc1+ 40.Rd1 Rc8 41.Ke2 Kf8 42.Rd7 Ke8 43.Ra7 Nc6
44.Rb7 Rd8 45.Ke1 Nd4 46.Kd2 e5 47.Kc3 Rd7 48.Rxd7 Kxd7 49.Nf1 Kd6 50.Nd2 Kd5
51.Nxb3 Nxb3 52.Kxb3 Ke4 53.a4 bxa4+ 54.Kxa4 Kf3 55.b4 e4 56.b5 Kxf2 57.b6 e3
58.b7 e2 59.b8=Q e1=Q 60.Qf4+ Kg2 61.Qxf7 Qxg3 62.h5 Kh3 63.Kb4 Qe5 64.Kc4 Kg4
65.Qg6+ Qg5 66.Qe8 Kh4 67.Kd3 Qxh5 68.Qe1+ Kh3 69.Qh1+ Kg4 70.Qg2+ Kf4 71.Qxg7 Qf3+
72.Kd2 Qe3+ 73.Kd1 Kf3 74.Qf6+ Kg2 75.Qg6+ Kf2 76.Qc2+ Kg3 77.Qg6+ Kh4 78.Qf6+ Kg4
79.Qg6+ Qg5 80.Qe4+ Kg3 81.Qd3+ Kf2 82.Qd4+ Kf1 83.Qd3+ Kg2 84.Qe4+ Kh2 85.Qe2+ Kh1
86.Qf1+ Kh2 87.Qf2+ Kh3 88.Qf3+ Kh4 89.Ke2 Qb5+ 90.Kf2 Qc5+ 91.Kg2 Qg5+ 92.Kh2 Qe5+  1/2-1/2

[Event "La Coruna TH op"]
[Site "La Coruna"]
[Date "1995.??.??"]
[Round "3"]
[White "Paunovic, Dragan"]
[Black "Kocovski, Ivan"]
[Result "1/2-1/2"]
[WhiteElo "2460"]
[BlackElo "2300"]

1.d4 d5 2.c4 dxc4 3.Nf3 Nf6 4.e3 e6 5.Bxc4 c5 6.O-O a6 7.Bd3 Nbd7 8.Qe2 b6
9.Rd1 Bb7 10.Nc3 Qb8 11.h3 Be7 12.a3 O-O 13.Bd2 Qa7 14.b4 cxd4 15.exd4 Rac8
16.Ng5 Rfe8 17.Rac1 Qa8 18.f3 Nf8 19.Qf2 Nd5 20.Nxd5 Bxd5 21.h4 Rxc1 22.Rxc1 Rc8
23.Rxc8 Qxc8 24.h5 Bc4 25.Qe2 Bxg5 26.Bxg5 Bxd3 27.Qxd3 h6 28.Be3 Qb7 29.b5 axb5
30.Qxb5 Nd7 31.a4 Qc7 32.Bf4 Qxf4 33.Qxd7 Qc1+ 34.Kh2 Qf4+ 35.Kg1 Qc1+ 36.Kh2  1/2-1/2

[Event "La Coruna TH op"]
[Site "La Coruna"]
[Date "1995.??.??"]
[Round "7"]
[White "Adla, Diego"]
[Black "Kocovski, Ivan"]
[Result "1-0"]
[WhiteElo "2440"]
[BlackElo "2300"]

1.d4 d5 2.c4 dxc4 3.e3 Nf6 4.Bxc4 e6 5.Nf3 c5 6.O-O a6 7.Bd3 Nbd7 8.Qe2 b6
9.Nc3 Bb7 10.Bd2 Qb8 11.Rad1 Bd6 12.h3 O-O 13.Bc1 cxd4 14.exd4 Bf4 15.Rfe1 Bxc1
16.Rxc1 Qd6 17.Rcd1 b5 18.Ne5 Rfd8 19.a3 Rac8 20.Bb1 b4 21.axb4 Qxb4 22.Nxf7 Re8
23.Ng5 Nf8 24.Nce4 Nxe4 25.Nxe4 Bd5 26.Nc5 a5 27.f4 Qb8 28.Qf2 Re7 29.Re5 Rf7
30.Rde1 Bc4 31.Qd2 Rd8 32.Be4 Qb4 33.Qxb4 axb4 34.b3 Rxd4 35.bxc4 Rxc4 36.f5 Rc7
37.Nxe6 Rc1 38.Nxc7 Rxe1+ 39.Kf2  1-0

[Event "Leeuwarden op"]
[Site "Leeuwarden"]
[Date "1995.??.??"]
[Round "9"]
[White "Horvath, Csaba"]
[Black "Yakovich, Yuri"]
[Result "1/2-1/2"]
[WhiteElo "2530"]
[BlackElo "2560"]

1.d4 d5 2.c4 dxc4 3.e3 Nf6 4.Bxc4 e6 5.Nf3 c5 6.O-O a6 7.dxc5 Qxd1 8.Rxd1 Bxc5
9.b3 Nbd7 10.Bb2 b6 11.Nbd2 Bb7 12.Be2 O-O 13.Rac1  1/2-1/2

[Event "Linares op"]
[Site "Linares"]
[Date "1995.??.??"]
[Round "?"]
[White "Hjartarson, Johann"]
[Black "Spangenberg, Hugo"]
[Result "1-0"]
[WhiteElo "2590"]
[BlackElo "2500"]

1.d4 d5 2.c4 dxc4 3.Nf3 Nf6 4.e3 e6 5.Bxc4 c5 6.O-O a6 7.Bd3 cxd4 8.exd4 Nc6
9.Nc3 Be7 10.Bg5 O-O 11.Rc1 Nd5 12.Bxe7 Ncxe7 13.Ne5 Bd7 14.Be4 Bc6 15.Nxc6 Nxc6
16.Qd3 h6 17.Rfd1 Rc8 18.Nxd5 exd5 19.Bf3 Qg5 20.Rc3 Rfd8 21.a3 Rd6 22.g3 Qf6
23.Kg2 g6 24.b4 Rcd8 25.Rc5 b6 26.Rc3 b5 27.Rc5 Kg7 28.h4 h5 29.Qc3 Ne7 30.Re1 Re6
31.Rd1 Red6 32.Rd3 Nf5 33.Qd2 R6d7 34.Qf4 Ne7 35.Qxf6+ Kxf6 36.Bd1 Rd6 37.Bc2 Nc8
38.Rc7 R6d7 39.Rdc3 Rxc7 40.Rxc7 Ne7 41.Kf3 Rc8 42.Rxc8 Nxc8 43.Kf4 Ne7 44.Bd3 Nc6
45.Ke3 Ne7 46.Bc2 Ke6 47.Kd3 f5 48.Ke3 Nc6 49.Bd3 Kf6 50.Be2 Ke6 51.f3 Kf6
52.g4 hxg4 53.fxg4 g5 54.h5 Ne7 55.Kd3 fxg4 56.Bxg4 Nf5 57.Bh3 Nd6 58.Bg2 g4
59.Bxd5 Kg5 60.Ke3 Nf5+ 61.Ke4 Kf6 62.Kf4 g3 63.Be4 Nd6 64.Bg2 Nc4 65.d5 Nxa3
66.d6 Nc4 67.d7 Ke7 68.h6 Nd6 69.h7 Nf7 70.Kf5 Nh8 71.d8=Q+ Kxd8 72.Kf6 Ke8
73.Kg7 Nf7 74.Bc6+ Ke7 75.Bd5  1-0

[Event "Linares zt"]
[Site "Linares"]
[Date "1995.??.??"]
[Round "11"]
[White "Wells, Peter K"]
[Black "Magem Badals, Jorge"]
[Result "1-0"]
[WhiteElo "2545"]
[BlackElo "2560"]

1.d4 d5 2.c4 dxc4 3.Nf3 Nf6 4.e3 e6 5.Bxc4 c5 6.Qe2 cxd4 7.exd4 Be7 8.O-O O-O
9.Nc3 a6 10.Bg5 b5 11.Bb3 Bb7 12.Rfe1 Nc6 13.Rad1 Nd5 14.Bxd5 Bxg5 15.Be4 Bh6
16.a4 bxa4 17.Nxa4 Ra7 18.Nc5 Ba8 19.Nxe6 fxe6 20.Bxc6 Bxc6 21.Qxe6+ Raf7
22.Qxc6 Rxf3 23.gxf3 Bf4 24.Qe6+ Kh8 25.Qe7 Qb8 26.Re4 Bxh2+ 27.Kg2 Bd6 28.Qe6 h6
29.Rh1 Bf4 30.Rh5 Bg5 31.Rg4 Bf6 32.d5 Qxb2 33.Rg6 Qb7 34.Qg4 Kh7 35.Qe4 Kh8
36.Qg4 Kh7 37.Qe4 Kh8 38.d6 Qf7 39.Rh1 Re8 40.Rxf6  1-0

[Event "Lippstadt"]
[Site "Lippstadt"]
[Date "1995.??.??"]
[Round "4"]
[White "Sharif, Mershad"]
[Black "Brenke, Andreas"]
[Result "1/2-1/2"]
[WhiteElo "2465"]
[BlackElo "2370"]

1.d4 d5 2.c4 dxc4 3.e3 Nf6 4.Bxc4 e6 5.Nf3 c5 6.Nc3 a6 7.Bd3 Nbd7 8.O-O b6
9.Qe2 Bb7 10.Rd1 Qb8 11.b3 Bd6 12.h3 O-O 13.Bb2 Re8 14.Rac1 cxd4 15.Nxd4 Rc8
16.Bb1 b5 17.Nf3 h6 18.Qd2 Bb4 19.Qd4 Bc5 20.Qh4 Ra7 21.Ne4 Bxe4 22.Bxe4 Nxe4
23.Qxe4 Rac7 24.Ne5 Nf6 25.Qf3 Qb6 26.Nd3 Be7 27.Bd4 Qa5 28.Rxc7 Qxc7 29.Rc1 Qd7
30.Qd1 Ne4 31.Ne5 Rxc1 32.Qxc1 Qb7 33.Qc6 Qxc6 34.Nxc6 Bd6 35.f3 Nc5 36.Be5  1/2-1/2

[Event "POL-chT"]
[Site "Lubniewice"]
[Date "1995.??.??"]
[Round "11"]
[White "Dobosz, Henryk"]
[Black "Bus, Mariusz"]
[Result "1/2-1/2"]
[WhiteElo "2420"]
[BlackElo "2380"]

1.d4 d5 2.c4 dxc4 3.Nf3 Nf6 4.e3 e6 5.Bxc4 c5 6.Nc3 a6 7.a4 Nc6 8.O-O Be7
9.d5 exd5 10.Nxd5 Nxd5 11.Bxd5 Nb4 12.Bb3 O-O 13.Qe2  1/2-1/2

[Event "Lvov"]
[Site "Lvov"]
[Date "1995.??.??"]
[Round "1"]
[White "Petrosian, Arshak B"]
[Black "Mikhalchishin, Adrian"]
[Result "1/2-1/2"]
[WhiteElo "2435"]
[BlackElo "2505"]

1.d4 d5 2.c4 dxc4 3.Nf3 Nf6 4.e3 e6 5.Bxc4 c5 6.O-O a6 7.dxc5 Qxd1 8.Rxd1 Bxc5
9.b3 b6 10.Bb2 Bb7 11.Nbd2 Nbd7 12.Rac1 Ke7  1/2-1/2

[Event "Lvov"]
[Site "Lvov"]
[Date "1995.??.??"]
[Round "3"]
[White "Rogozenko, Dorin"]
[Black "Galliamova, Alisa"]
[Result "1-0"]
[WhiteElo "2440"]
[BlackElo "2475"]

1.d4 d5 2.c4 dxc4 3.Nf3 Nf6 4.e3 e6 5.Bxc4 c5 6.O-O a6 7.a4 Nc6 8.Qe2 Be7
9.dxc5 O-O 10.e4 Qc7 11.e5 Nd7 12.Bf4 Nxc5 13.Nc3 Bd7 14.Ne4 Nxe4 15.Qxe4 Nb4
16.Ng5 g6 17.Rac1 Qd8 18.Rcd1 Qc8 19.Bd2 h6 20.Nh3 Bxa4 21.Rc1 Bc6 22.Qe1 Nd5
23.Bxh6 Rd8 24.Ng5 Qc7 25.Qe4 Nb6 26.Bxe6 Bxe4 27.Bxf7+ Kh8 28.Rxc7 Bxg5
29.Bxg5 Rd7 30.Rxd7 Nxd7 31.e6  1-0